000 00526cam a2200145 4500500
005 20251012012819.0
041 _afre
042 _adc
100 1 0 _aMuras, Stéphane
_eauthor
245 0 0 _aQuestionner le lien de causalité thèse-argument
260 _c2021.
500 _a67
786 0 _nPhilosophie magazine - Hors séries | Hors-série Autome-hiver 2021 | HS51 | 2021-10-01 | p. 23-23 | 2104-9246
856 4 1 _uhttps://shs.cairn.info/magazine-philosophie-magazine-2021-hs51-page-23?lang=fr&redirect-ssocas=7080
999 _c1528102
_d1528102